Research design explained / (Record no. 3292)
[ view plain ]
| 000 -LEADER | |
|---|---|
| fixed length control field | 01461nam a2200205Ia 4500 |
| 020 ## - INTERNATIONAL STANDARD BOOK NUMBER | |
| ISBN | 053461731X |
| 050 ## - CALL NUMBER | |
| Classification number | BF76.5 |
| Item number | MIT |
| 100 1# - AUTHOR | |
| Personal name | Mitchell, Mark L. |
| 110 ## - AUTHOR | |
| CORPORATE AUTHOR | Mark Mitchell, Janina Jolley. |
| 245 10 - TITLE | |
| Title | Research design explained / |
| Statement of responsibility, etc | Mark Mitchell, Janina Jolley. |
| 250 ## - EDITION | |
| Edition statement | Fifth edition. |
| 260 ## - PUBLICATION INFORMATION | |
| Place of publication | USA |
| Name of publisher | Wadsworth/ Thomson Learning |
| Year of publication | 2004 |
| 300 ## - DESCRIPTION | |
| Number of Pages | xx, 570 pages : |
| Other physical details | illustrations ; |
| Dimensions | 25 cm. |
| 505 ## - FORMATTED CONTENTS NOTE | |
| Table of Content | Psychology and science --<br/>Generating and refining research hypotheses --<br/>Reading and evaluating research --<br/>Measuring and manipulating variables: reliability and validity --<br/>Beyond reliability and validity: the best measure for your study --<br/>Introduction to descriptive methods --<br/>Survey research --<br/>Internal validity --<br/>The simple experiment --<br/>Expanding the simple experiment: the mulitple-group experiment --<br/>Expanding the experiment: factorial designs --<br/>Matched pairs, within-subjects, and mixed designs --<br/>Singe-n designs and quasi-experiments --<br/>Putting it all together: writing research proposals and reports --<br/>APA's ethical code: implications for planning and conducting research --<br/>Searching the literature --<br/>Sample APA-style paper --<br/>A beginning researcher's guide to statistics --<br/>Statistical tables. |
| 650 #0 - SUBJECTS | |
| Topical Term | Psychology |
| General subdivision | Research |
| -- | Methodology. |
| 650 #0 - SUBJECTS | |
| Topical Term | Psychology, Experimental |
| General subdivision | Research |
| -- | Methodology. |
| 650 #0 - SUBJECTS | |
| Topical Term | Experimental design. |
| 700 1# - OTHER AUTHORS | |
| Personal name | Jolley, Janina M. |
| 942 ## - ADDED ENTRY ELEMENTS (KOHA) | |
| Koha item type | Books |
| Withdrawn status | Lost status | Collection code | Home library | Current library | Shelving location | Date acquired | Full call number | Accession Number | Koha item type |
|---|---|---|---|---|---|---|---|---|---|
| Reference | Methodist University Library Main | Methodist University Library Main | General Stacks | 01/09/2008 | BF76.5 MIT | 20773 | Books |